Participants de Classic UHC - Statistiques

Statistiques générales
  • Ce quiz a été pris 15 fois
    4 depuis la dernière actualisation
  • Le résultat moyen est 40 sur 78
Statistiques - réponses
Saison d'apparition Joueur % Correct
Saison 2 AmethysteEnSueur
100%
Édition Live Cliquegauche
100%
Saison 2 Deadpolvenom
100%
Saison 2 Deox
100%
Saison 2 FloLeFifrelin
100%
Saison 2 HipGame
100%
Saison 2 Joko_boy
100%
Saison 1 Kusuto
100%
Saison 3 Leykuro
100%
Saison 2 Sacha_legrandgil
100%
Saison 2 Sfakeur
100%
Édition Live Sharky_LFDLN
100%
Saison 1 Treyyyl_
100%
Saison 3 Yousat
100%
Saison 1 AleOth
67%
Saison 3 Banana08
67%
Saison 3 cMaatt
67%
Saison 3 Croustiflexx
67%
Saison 2 Eskanoru
67%
Saison 1 JC
67%
Saison 1 Kxgaya
67%
Saison 2 Kyurea
67%
Saison 3 Lasuur
67%
Édition Live Lydrai
67%
Saison 2 MarioMatto
67%
Saison 2 Matomix11
67%
Saison 3 MiniFortich
67%
Saison 3 Miyu
67%
Saison 2 Naosu
67%
Saison 3 NxZrS
67%
Saison 3 OdZeL
67%
Saison 2 OfChara
67%
Saison 2 Osifou
67%
Saison 1 Pamina
67%
Saison 2 Pouletdesbiesses
67%
Saison 1 R3dline
67%
Saison 2 Shxmeless
67%
Saison 2 SlayeX
67%
Saison 3 Sliraft
67%
Saison 3 ThaymaiZ
67%
Saison 2 Xl_alex_2
67%
Saison 2 Balouhou
33%
Saison 2 CreeperYT986
33%
Saison 2 Cxleste
33%
Saison 3 Fallen400
33%
Saison 1 Fannne
33%
Saison 3 FilsDeBus
33%
Saison 3 FinkaZzz
33%
Saison 2 Fire_kilyan
33%
Saison 3 Hiinto
33%
Saison 3 IceChillz
33%
Saison 2 Lawtank
33%
Saison 3 Lukaramel
33%
Saison 2 Osaze
33%
Saison 2 Raptor_44
33%
Saison 3 Saitor
33%
Saison 2 Shain_off
33%
Saison 2 Snypilex
33%
Saison 2 Soenn
33%
Saison 2 TheRilos74
33%
Saison 2 Titourikou
33%
Saison 1 ToufouMaster
33%
Saison 2 TriDin
33%
Saison 2 zVlaash
33%
Saison 1 Anubys
0%
Saison 2 AzoXs
0%
Saison 3 Bones
0%
Saison 1 DesaDream
0%
Saison 1 Dralaus
0%
Saison 3 JulDragonne
0%
Saison 1 Kiru
0%
Saison 3 LinkvaiL
0%
Saison 1 NekoZ18
0%
Saison 3 PopcornRazer
0%
Saison 2 Shinalex
0%
Saison 1 Sk0rmy
0%
Saison 1 Skykryx
0%
Saison 3 Smartio
0%
Aucun quiz correspondant
Distribution des résultats
% des personnes avec chaque résultat
Percentile par nombre de réponses
Votre historique - résultats
Vous n’avez pas pris ce quiz depuis la dernière actualisation